000 01288nac a22003497a 4500
001 BR8100639
003 BR-BrBNA
005 20240105114908.0
008 230509b bl.|||m| |||| 00| 0 por d
040 _aBR-BrBNA
_bpor
_cBiblioteca Nacional de Agricultura
072 _aF30
090 _a0430 BR8100639
100 1 _aBarreiro Neto, M.
100 1 _aCosta, J.N. da
100 1 _aBraga Sobrinho, R.
100 1 _aCavalcanti, F.B.
100 1 _aFreire, E.C.
110 1 _aCentro Nacional de Pesquisa do Algodao, Campina Grande, PB (Brasil)
_91702
245 1 _aResultados das competicoes de cultivares de algodoeiro arboreo (Gossypium hirsutum marie galante)no Estado da Paraiba em 1978/79 [Brasil]
246 1 _a[Results of competition of arboreal cotton cultivars (Gossypium hirsutum marie galante)in the state of Paraiba in 1978/79 [Brazil]]
260 3 _aCampina Grande, PB (Brasil):
_c1981.
300 _a6 p.
490 _aComunicado Tecnico - Centro Nacional de Pesquisa do Algodao (Brazil)
_vno. 1
_x
650 _aMelhoramento genetico vegetal
650 _aAlgodao
650 _aCompeticao de variedade
650 _aVariedade
650 _aRendimento
650 _aParaiba
909 _a202312
_bLúcia Elande
_c55
_dLúcia Elande
942 _2AGRIS
_n0
_cMS
999 _c271910
_d271910